Análisis de la participación del alumnado universitario en la evaluación de su aprendizaje (Record no. 155378)
[ view plain ]
| 000 -CABECERA | |
|---|---|
| campo de control de longitud fija | 00614nab a2200181 a 4500 |
| 005 - FECHA Y HORA DE LA ÚLTIMA TRANSACCIÓN | |
| campo de control | 20210223131652.0 |
| 008 - ELEMENTOS DE LONGITUD FIJA--INFORMACIÓN GENERAL | |
| campo de control de longitud fija | 991125s1985 mx 000 0 spa u |
| 035 ## - NÚMERO DE CONTROL DEL SISTEMA | |
| Número de control de sistema | UPN01000183275 |
| 222 #0 - TÍTULO CLAVE | |
| Título clave | REVISTA ESPAÑOLA DE PEDAGOGIA |
| 245 00 - MENCIÓN DE TÍTULO | |
| Título | Análisis de la participación del alumnado universitario en la evaluación de su aprendizaje |
| 300 ## - DESCRIPCIÓN FÍSICA | |
| Extensión | 401-426 |
| 362 0# - FECHAS DE PUBLICACIÓN Y/O DESIGNACIÓN SECUENCIAL | |
| Fecha de publicación y/o designación secuencial | 2011 Año 69, no. 250, sept.-dic. |
| 653 0# - TERMINO DE INDIZACION - NO CONTROLADO | |
| Término no controlado | ESTUDIANTE UNIVERSITARIO |
| 653 0# - TERMINO DE INDIZACION - NO CONTROLADO | |
| Término no controlado | UNIVERSIDAD DE SEVILLA, ESPAÑA |
| 653 0# - TERMINO DE INDIZACION - NO CONTROLADO | |
| Término no controlado | EVALUACION COMPARTIDA |
| 700 1# - ASIENTO SECUNDARIO--NOMBRE DE PERSONAL | |
| Nombre de persona | Alvarez Rojo, Víctor Benito, |
| Término indicativo de función/relación | coaut. |
| 9 (RLIN) | 30782 |
| 905 ## - TIPO DE MATERIAL | |
| Tipo de material | Articulo |
No items available.
